Statistiques concernant Pays par première et dernière lettre #2

Cliquez ici pour prendre le quiz!

Statistiques générales

  • Ce quiz a été pris 134 fois
  • Le résultat moyen est 12 sur 17

Statistiques - réponses

Première lettre Dernière Lettre Pays % Correct
UYUruguay
92%
VNVatican
86%
HEHongrie
83%
NLNépal
82%
VAVenezuela
81%
OAOuganda
78%
RARwanda
78%
KIKiribati
75%
PLPortugal
70%
UEUkraine
67%
INIran
66%
PNPakistan
63%
DEDominique
60%
SLSénégal
49%
CSComores
48%
MSMaldives
43%
TLTimor oriental
32%

Distribution des résultats

Percentile par nombre de réponses

% des personnes avec chaque résultat

Votre développement - résultats

Vous n’avez pas pris ce quiz